Foundations of computational mathematics / (Record no. 13215)

MARC details
000 -LEADER
fixed length control field 01528cam a2200337 i 4500
001 - CONTROL NUMBER
control field 12302433
003 - CONTROL NUMBER IDENTIFIER
control field EG-ScBUE
005 - DATE AND TIME OF LATEST TRANSACTION
control field 20241118104046.0
008 - FIXED-LENGTH DATA ELEMENTS--GENERAL INFORMATION
fixed length control field 010207s2001 enka f b 001 0 eng d
020 ## - INTERNATIONAL STANDARD BOOK NUMBER
International Standard Book Number 0521003490 (pbk.)
020 ## - INTERNATIONAL STANDARD BOOK NUMBER
International Standard Book Number 780521003490
040 ## - CATALOGING SOURCE
Original cataloging agency DLC
Language of cataloging eng
Description conventions rda
Transcribing agency DLC
Modifying agency DLC
-- EG-ScBUE
082 04 - DEWEY DECIMAL CLASSIFICATION NUMBER
Classification number 519.4
Edition number 22
Item number FOU
245 00 - TITLE STATEMENT
Title Foundations of computational mathematics /
Statement of responsibility, etc edited by Ronald A. DeVore, University of South Carolina, Arieh Iserles, University of Cambridge, Endre Suli, University of Oxford.
264 #1 - PUBLICATION, DISTRIBUTION, ETC. (IMPRINT)
Place of publication, distribution, etc Cambridge :
Name of publisher, distributor, etc Cambridge University Press,
Date of publication, distribution, etc 2001.
300 ## - PHYSICAL DESCRIPTION
Extent viii, 400 pages :
Other physical details illustrations ;
Dimensions 23 cm.
336 ## - CONTENT TYPE
Source rdacontent
Content type term text
Content type code txt
337 ## - MEDIA TYPE
Media type term unmediated
Source rdamedia
Media type code n
338 ## - CARRIER TYPE
Carrier type term volume
Carrier type code nc
Source rdacarrier
490 0# - SERIES STATEMENT
Series statement London mathematical society lecture note series ;
Volume number/sequential designation 284
504 ## - BIBLIOGRAPHY, ETC. NOTE
Bibliography, etc Includes bibliographical references and index.
650 #7 - SUBJECT ADDED ENTRY--TOPICAL TERM
Topical term or geographic name as entry element Numerical analysis.
Source of heading or term BUEsh
9 (RLIN) 10683
655 ## - INDEX TERM--GENRE/FORM
Form subdivision Reading book
700 1# - ADDED ENTRY--PERSONAL NAME
Personal name DeVore, Ronald A.,
Relator term editor.
9 (RLIN) 10684
700 1# - ADDED ENTRY--PERSONAL NAME
Personal name Iserles, A.,
Relator term editor.
9 (RLIN) 10685
700 1# - ADDED ENTRY--PERSONAL NAME
Personal name Suli, Endre,
Dates associated with a name 1956-
Relator term editor.
9 (RLIN) 10686
856 42 - ELECTRONIC LOCATION AND ACCESS
Materials specified Publisher description
Uniform Resource Identifier <a href="http://www.loc.gov/catdir/description/cam021/2001025226.html">http://www.loc.gov/catdir/description/cam021/2001025226.html</a>
856 4# - ELECTRONIC LOCATION AND ACCESS
Materials specified Table of Contents
Uniform Resource Identifier <a href="http://www.loc.gov/catdir/toc/fy02/2001025226.html">http://www.loc.gov/catdir/toc/fy02/2001025226.html</a>
942 ## - ADDED ENTRY ELEMENTS (KOHA)
Source of classification or shelving scheme Dewey Decimal Classification
Koha item type Book - Borrowing
Holdings
Withdrawn status Lost status Source of classification or shelving scheme Damaged status Not for loan Collection code Home library Current library Shelving location Date acquired Source of acquisition Cost, normal purchase price Serial Enumeration / chronology Total Checkouts Full call number Barcode Date last seen Date checked out Price effective from Koha item type
    Dewey Decimal Classification     Alef-Baa Central Library Central Library First floor 27/01/2010 Purchase 150.00 63713 1 519.4 FOU 000016665 15/07/2025 21/03/2019 27/01/2010 Book - Borrowing